1981 1930 1146 1257 1873 1744 1979 1733 1746 1371 1137 1901 1613 1896 1925 1770 1610 1113 1379 1283 1102 1830 1990 1396 1973 1113 1382 1290 1649 1173 1740 1479 1642 1105 1965 1273 1415 1148 1665 1141 1312 1748 1269 1688 1224 1492 1805 1313 1565 1467 1808 1596 1843 1629 1288 1145 1024 1294 1931 1211 1844 1118 1675 1093 1851 1768 1302 1882 1108 1652 1280 1997 1690 1598 1272 1777 1513 1764 1327 1427 1419 1837 1560 1866 1229 1064 1315 1815 1351 1627 1223 1741 1298 1925 1362 1803 1548 1502 1357 BCNSPRNW ULIB Ver.6.0+V

เปลี่ยนเป็นภาษาไทย

Change to English
 แสดงรายละเอียดบรรณานุกรม
  กลับหน้าหลัก

Brief Record : Get Marc (ISO 2709) : E-mail record : QR code < ปิดหน้าต่าง
LEADER : 00000nam 2200000uu 4500
001    13399120162
003     ULIB
008    120905s2554||||th 000 0 tha d
020    ^a9747762412
020    ^a9789747762419
060 04 ^aQT104^bร326ส
245 00 ^aสรีรวิทยา /^cรัชฎ แก่นสาร์, บรรณาธิการ
250    ^aพิมพ์ครั้งที่ 11
260    ^aกรุงเทพฯ :^bโครงการสวัสดิการวิชาการ สถาบันพระบรมราชชนกกระทรวงสาธารณสุข,^c2554
300    ^a[6], 671 หน้า :^bภาพประกอบ ;^c30 ซม.
650  7 ^aสรีรวิทยา
700 0  ^aรัชฎา แก่นสาร์,^eบรรณาธิการ
710 2  ^aกระทรวงสาธารณสุข. ^bสถาบันพระบรมราชชนก.^bโครงการสวัสดิการวิชาการ
945    ^p300^l0^i032773
945    ^p300^l0^i032774
945    ^p300^l0^i032775
995    ^aทศพร
999    ^aทศพร
รายการนี้ยังไม่มีแท็ก
คุณยังไม่ได้ล็อกอิน คุณสามารถมีกิจกรรมร่วมกับเว็บไซต์ได้ แต่ต้องล็อกอินก่อน ::
  ล็อกอิน

รายการสื่อสารสนเทศ

ลำดับที่ ประเภท เลขเรียก/บาร์โค้ด สถานที่ สถานะ
1. วิทยาศาสตร์การแพทย์ และสุขภาพ
หนังสือสำรอง
สถานะ=หนังสือสำรอง
QT104 ร326ส ฉ.1 
  Barcode: 032773
ห้องสมุดวิทยาเขตสวรรค์ประชารักษ์
►ส่วนจัดเก็บหนังสือเก่า สปร
บนชั้น
  ขอยืม
2. วิทยาศาสตร์การแพทย์ และสุขภาพ
วิทยาศาสตร์การแพทย์ และสุขภาพ
QT104 ร326ส ฉ.2 
  Barcode: 032774
ห้องสมุดวิทยาเขตสวรรค์ประชารักษ์
►ส่วนจัดเก็บหนังสือเก่า สปร
บนชั้น
  ขอยืม
3. วิทยาศาสตร์การแพทย์ และสุขภาพ
วิทยาศาสตร์การแพทย์ และสุขภาพ
QT104 ร326ส ฉ.3 
  Barcode: 032775
ห้องสมุดวิทยาเขตสวรรค์ประชารักษ์
►ส่วนจัดเก็บหนังสือเก่า สปร
บนชั้น
  ขอยืม

รายการใกล้เคียง
    หัวเรื่อง [สรีรวิทยา]

BibComment


ยังไม่เคยถูกคอมเมนท์

คอมเมนท์ทรัพยากรรายการนี้
  คอมเมนท์: สรีรวิทยา รัชฎ ..


 Copyright 2026. Bcnsprnw @Library